ARRUPE JESUIT UNIVERSITY

CORONAVIRUS -STOP THE SPREAD - CLEAN,DISINFECT,COVER

A scholar's odyssey / (Record no. 120226)

MARC details
000 -LEADER
fixed length control field 01170cam a22003014a 4500
001 - CONTROL NUMBER
control field 11875101
003 - CONTROL NUMBER IDENTIFIER
control field ARRUPE
005 - DATE AND TIME OF LATEST TRANSACTION
control field 20140319140158.0
008 - FIXED-LENGTH DATA ELEMENTS--GENERAL INFORMATION
fixed length control field 991222s2000 gau b 001 0aeng
010 ## - LIBRARY OF CONGRESS CONTROL NUMBER
LC control number 99086131
020 ## - INTERNATIONAL STANDARD BOOK NUMBER
International Standard Book Number 0884140164 (alk. paper)
040 ## - CATALOGING SOURCE
Original cataloging agency DLC
Transcribing agency DLC
Modifying agency DLC
042 ## - AUTHENTICATION CODE
Authentication code pcc
043 ## - GEOGRAPHIC AREA CODE
Geographic area code n-us---
050 00 - LIBRARY OF CONGRESS CALL NUMBER
Classification number BS1161.G67
Item number A3 2000
082 00 - DEWEY DECIMAL CLASSIFICATION NUMBER
Classification number 930/.07/202
-- B
Edition number 21
300 ## - PHYSICAL DESCRIPTION
Dimensions 23 cm.
100 1# - MAIN ENTRY--PERSONAL NAME
Personal name Gordon, Cyrus Herzl,
Dates associated with a name 1908-2001.
9 (RLIN) 9173
245 12 - TITLE STATEMENT
Title A scholar's odyssey /
Statement of responsibility, etc Cyrus H. Gordon.
260 ## - PUBLICATION, DISTRIBUTION, ETC. (IMPRINT)
Place of publication, distribution, etc Atlanta, Ga. :
Name of publisher, distributor, etc Society of Biblical Literature,
Date of publication, distribution, etc c2000.
300 ## - PHYSICAL DESCRIPTION
Extent 149 p. ;
440 #0 - SERIES STATEMENT/ADDED ENTRY--TITLE
Title Biblical scholarship in North America ;
Volume number/sequential designation no. 20
9 (RLIN) 9174
504 ## - BIBLIOGRAPHY, ETC. NOTE
Bibliography, etc Includes bibliographical (p. [119]-146) and index.
600 10 - SUBJECT ADDED ENTRY--PERSONAL NAME
Personal name Gordon, Cyrus Herzl,
Dates associated with a name 1908-2001.
9 (RLIN) 9175
650 #0 - SUBJECT ADDED ENTRY--TOPICAL TERM
Topical term or geographic name as entry element Biblical scholars
Geographic subdivision United States
Form subdivision Biography.
9 (RLIN) 9176
906 ## - LOCAL DATA ELEMENT F, LDF (RLIN)
a 7
b cbc
c orignew
d 1
e ocip
f 19
g y-gencatlg
942 ## - ADDED ENTRY ELEMENTS (KOHA)
Source of classification or shelving scheme Library of Congress Classification
Koha item type Monograph ( Printed materials)
Holdings
Withdrawn status Lost status Source of classification or shelving scheme Damaged status Not for loan Collection code Home library Current library Shelving location Date acquired Total Checkouts Full call number Barcode Date last seen Price effective from Koha item type
    Library of Congress Classification     Main Collection ARRUPE LIBRARY ARRUPE LIBRARY Main Collection 19/03/2014   BS1161.G67 A3 2000 46500001938 07/12/2016 19/03/2014 Monograph ( Printed materials)

 

Arrupe Library. PO Box MP320 Mt Pleasant, Harare, Zimbabwe
263 242 745411|librarian@aju.ac.zw